Выбор технических решений при создании новых изделий

التفاصيل البيبلوغرافية
المؤلف الرئيسي: Моисеева Н. К. Нина Константиновна
اللغة:الروسية
منشور في: Москва, Машиностроение, 1980
الموضوعات:
التنسيق: MixedMaterials كتاب
KOHA link:https://koha.lib.tpu.ru/cgi-bin/koha/opac-detail.pl?biblionumber=48676

MARC

LEADER 00000nam0a2200000 4500
001 48676
005 20231031032107.0
035 |a (RuTPU)RU\TPU\book\50977 
090 |a 48676 
100 |a 20030320d1980 km y0rusy50 ca 
101 0 |a rus 
102 |a RU 
105 |a a z 001zy 
200 1 |a Выбор технических решений при создании новых изделий  |f Н. К. Моисеева 
210 |a Москва  |c Машиностроение  |d 1980 
215 |a 181 с.  |c ил. 
320 |a Библиогр.: с. 178-180 
610 1 |a машиностроение 
610 1 |a проектирование 
610 1 |a изделия 
610 1 |a технические решения 
610 1 |a оптимизация 
675 |a 621.001.2  |v 3 
700 1 |a Моисеева  |b Н. К.  |g Нина Константиновна 
801 1 |a RU  |b 63413507  |c 20030320  |g PSBO 
801 2 |a RU  |b 63413507  |c 20081106  |g PSBO 
942 |c BK